Govt. of
Madhya Pradesh

Cultures and Societies in Transition (Record no. 41324)

MARC details
000 -LEADER
fixed length control field 004810000a22001810004500
003 - CONTROL NUMBER IDENTIFIER
control field MACL
005 - DATE AND TIME OF LATEST TRANSACTION
control field 20210908160335.0
008 - FIXED-LENGTH DATA ELEMENTS--GENERAL INFORMATION
fixed length control field 150705b xxu||||| |||| 00| 0 eng d
040 ## - CATALOGING SOURCE
Original cataloging agency MACL
Transcribing agency MACL
041 ## - LANGUAGE CODE
Language code of text/sound track or separate title English
082 ## - DEWEY DECIMAL CLASSIFICATION NUMBER
Classification number 306/MIT
100 ## - MAIN ENTRY--PERSONAL NAME
Personal name Mittal, Manu
9 (RLIN) 854
245 ## - TITLE STATEMENT
Title Cultures and Societies in Transition
Remainder of title India Russia and Other CIS Countries
260 ## - PUBLICATION, DISTRIBUTION, ETC. (IMPRINT)
Name of publisher, distributor, etc. Shipra Publication
Date of publication, distribution, etc. 2008
Place of publication, distribution, etc. Delhi
350 ## - PRICE (NR) (BK AM CF MU VM SE) [OBSOLETE]
Price 750
650 ## - SUBJECT ADDED ENTRY--TOPICAL TERM
Source of heading or term sociology
942 ## - ADDED ENTRY ELEMENTS (KOHA)
Koha item type Books
Call number prefix 306/MIT
Source of classification or shelving scheme
Holdings
Withdrawn status Lost status Source of classification or shelving scheme Damaged status Not for loan Home library Current library Date acquired Cost, normal purchase price Total Checkouts Full call number Barcode Date last seen Uniform Resource Identifier Price effective from Koha item type
          MACL MACL 15/04/2015 750.00   306/MIT | 306/MIT CRE024363 02/05/2024 41589 15/04/2015 Books
          MACL MACL 15/04/2015     306/MIT BOOK | 306/MIT BOOK CRE024373 02/05/2024 48643 15/04/2015 Books